000 00857cam a22002533a 4500
001 23609
003 PGUSA
005 20140828083514.0
008 071124s2007||||xxu|||||s|||||000 | eng d
040 _aPGUSA
_beng
042 _adc
050 4 _aHQ
100 1 _aNichols, J. L.
_q(James Lawrence),
_d-1895
245 1 0 _aSearchlights on Health :
_bLight on Dark Corners : A Complete Sexual Science and a Guide to Purity and Physical Manhood, Advice To Maiden, Wife, And Mother, Love, Courtship, And Marriage
_h[electronic resource] /
_cJ. L. Nichols
260 _bProject Gutenberg,
_c2007
506 _aPublic domain in the USA.
516 _aElectronic text
653 _aMedicine, Popular
653 _aSexual ethics
653 _aMarriage
830 0 _aProject Gutenberg
_v23609
856 4 0 _uhttp://www.gutenberg.org/ebooks/23609
942 _cEB
999 _c252864
_d252864